Países onde há mais brasileiros - Statistics

Estatísticas Gerais
  • Esse quiz foi jogado 123 vezes
  • A pontuação média é 10 de 11
Estatísticas das Respostas
Brasileiros País % Correto
1.900.000 Estados Unidos
100%
360.000 Portugal
98%
165.000 Espanha
95%
91.500 Guiana Francesa (França)
92%
217.000.000 Brasil
91%
133.000 Canadá
90%
160.000 Alemanha
89%
157.00 Itália
89%
206.000 Japão
88%
220.000 Reino Unido
88%
254.000 Paraguai
55%
Nenhum quiz correspondente encontrado
Distribuição das Pontuações
Porcentagem de Pessoas com Cada Pontuação
Percentil de Números Respondidos
Sua Pontuação Histórica
Você não jogou esse quiz